000 00567nam a2200181Ia 4500
008 090124s9999 xx 000 0 und d
082 _b27873
100 _aवैद्य कमल
245 _a पाच तेजस्विनी
250 _a1
260 _b"समकालीन साहित्य, नागपूर"
_c1987
300 _a95
600 _aवैद्य कमल
630 _a पाच तेजस्विनी
700 _aवैद्य कमल
730 _a पाच तेजस्विनी
942 _cBOOK
999 _c95134
_d95134